Parole Italiane Casuali - Statistics

Statistiche generali
  • Questo quiz è stato fatto 263 volte
  • Il punteggio medio è 23 su 24
Statistiche sulle risposte
Italian Inglese % Corretto
Padre Father
99%
Latte Milk
99%
Grazie Thanks
99%
Bianco White
99%
Fratello Brother
98%
Bambino Child
98%
Giorno Day
98%
Ciao Hello / Goodbye
98%
Ragazza Girl
97%
Vino Wine
97%
Primo First
96%
Oro Gold
96%
Cavallo Horse
96%
Venti Twenty
96%
Donna Woman
96%
Tutti All
95%
Canto Sing
95%
Molto Much
94%
Signore Sir
94%
Pomodoro Tomato
94%
Forte Strong
93%
Benvenuto Welcome
91%
Mille Thousand
84%
Grotta Cave
68%
Nessun quiz corrispondente trovato
Distribuzione punteggi
Percentuale di utenti per punteggio
Percentile per numero di risposta
I tuoi punteggi nel tempo
Non hai fatto questo quiz